000 00483nam a22001817a 4500
001 195502
003 OSt
005 20240617094920.0
008 240617b |||||||| |||| 00| 0 POR d
020 _a9788586402326
040 _aColégio Cândido Portinari
_bPortuguês
_cColégio Cândido Portinari
082 _a028.5
100 _aZiraldo
_eAuthor
_9177
245 _aO clique
260 _aSalvador, [20--?]
650 0 _aLiteratura infantojuvenil
_91221
942 _2udc
_cBK
_n0
999 _c195502
_d195502